000 00232nam a2200085Ia 4500
008 120527s9999 xx 000 0 und d
100 _aOSENI,I.Zakariyau.
245 _aA digest on Islamic law and Jurisprudence in Nigeria.
942 _cBK
999 _c23852
_d23852